Statistics for Countries that border france

Click here to take the quiz!

General Stats

  • This quiz has been taken 70 times
    (52 since last reset)
  • The average score is 11 of 12

Answer Stats

DirectionCountry% Correct
NortheastBelgium
98%
NortheastGermany
98%
SouthSpain
98%
SoutheastItaly
96%
EastSwitzerland
96%
NortheastLuxembourg
94%
SouthAndorra
92%
Way Southwest………Brazil
88%
Way Southwest………Suriname
84%
SouthMonaco
82%
Way Southwest……Netherlands
76%
Way West……Canada
57%

Score Distribution

Percentile by Number Answered

Percent of People with Each Score

Your Score History

You have not taken this quiz since the last reset